| 000 | 00357nam a2200157Ia 4500 | ||
|---|---|---|---|
| 008 | 210210b1958 xxu||||| |||| 00| 0 eng d | ||
| 041 | _aeng | ||
| 082 | _a534/97 | ||
| 100 | _aSEARS (Francis Weston) | ||
| 245 | _aOptics | ||
| 260 |
_aBombay _bAsia Publishing House _c1958 |
||
| 300 | _ax,386 | ||
| 650 | _aOptics | ||
| 690 | _aOptics | ||
| 906 | _a008585 | ||
| 999 |
_c126505 _d126505 |
||